| 000 | 00574nam a2200193 a 4500 | ||
|---|---|---|---|
| 001 | 1723 | ||
| 003 | CDMR | ||
| 005 | 20131125175846.0 | ||
| 008 | 130130s1976||||||||||||||||||||||||||||d | ||
| 020 | _a8430906266 | ||
| 040 |
_aCDMR _bcat _cCDMR |
||
| 245 | 0 |
_aIntroducción al derecho cinematográfico _ccompuesto por Luis Gutiérrez Espada |
|
| 260 |
_aMadrid _c1976 _bTecnos |
||
| 300 |
_a177 p ; _c21 cm |
||
| 490 | 0 |
_aManuales Universitarios Españoles _v7 |
|
| 650 | 0 | 4 |
_94153 _aCinematografia _xDret i legislació |
| 700 | 1 |
_91121 _aGutiérrez Espada, Luis |
|
| 942 |
_cMON _2udc |
||
| 999 |
_c1723 _d1723 |
||